000 00541nam a2200169 4500
001 132216
003 ES-MaACL
005 20230906194129.0
007 t|
008 070214s1973 sp r ||||1| spa d
100 0 _aRodríguez Zúñiga, Luis.
_998883
245 1 0 _aRaymond Aron y la sociedad industrial /
_cLuis Rodríguez Zuñiga.
260 _aMadrid :
_bInstituto de la Opinión Pública,
_c1973.
300 _a255 p. ;
_c18 cm.
710 2 _aInstituto de la Opinión Pública (España)
_94981
852 _aES-MaACL
_jC-53365
_bR.86456
999 _c132216
_d132216